LEADER 01011nam1 2200277 i 450 001 RMG0016892 005 20231121125651.0 100 $a19960730d1995 ||||0itac50 ba 101 | $aita 102 $ait 181 1$6z01$ai $bxxxe 182 1$6z01$an 200 1 $aCondizione femminile e matrimonio tra diffidenze e nuova sensibilità$erappresentazioni e dibattiti nel Settecento illuminista$fRoberto Bonini 210 $aPadova$cCEDAM 215 $a v.$d24 cm. 463 1$1001RMG0016894$12000 $a1$fRoberto Bonini$v1 463 1$1001RMG0017689$12000 $a2$fRoberto Bonini$v2 606 $aDonna$xPosizione sociale$xItalia$xSec. 18.$2FIR$3RMLC066438$9I 700 1$aBonini$b, Roberto$3CFIV047308$4070$0187717 801 3$aIT$bIT-01$c19960730 850 $aIT-RM028 899 $aBiblioteca Universitaria Alessandrina$bRM028 912 $aRMG0016892 977 $a 01$a 53 996 $aCondizione femminile e matrimonio tra diffidenze e nuova sensibilita$9636374 997 $aUNICAS